| 000 | 01150 a2200277 4500 | ||
|---|---|---|---|
| 001 | 45554 | ||
| 005 | 20260407155728.0 | ||
| 008 | 260407a1987 arg spa d | ||
| 003 | AR-UNSa-BCEJYS | ||
| 040 |
_aAR-UNSa-BCEJYS _bspa _cAR-UNSa-BCEJYS |
||
| 080 |
_a37 _xEducación. Enseñanza. Formación |
||
| 245 | 1 | 0 |
_aEl proyecto educativo autoritario _pArgentina 1976-1982 |
| 020 | _a950-9467-50-2 | ||
| 250 | _a2a. ed. | ||
| 264 | 1 |
_aBuenos Aires : _bMiño y Dávila _c1987 |
|
| 300 |
_a304 p. _c23 cm. |
||
| 505 | _a1. Introducción – 2. Elementos para una sociología del currículum escolar en Argentina / Juan C. Tedesco – 3. Estado, burocracia y políticas educativas / Cecilia Braslavsky – 4. Educación y aparato productivo en la Argentina /Ricardo Carciofi - | ||
| 041 | _aspa | ||
| 942 | _cBK | ||
| 590 | _aniveau_biblio:m niveau_hierar:0 | ||
| 100 | 1 | _aBraslavsky, Cecilia | |
| 700 | 1 | _aTedesco, Juan Carlos | |
| 700 | 1 | _aCarciofi, Ricardo | |
| 700 | 1 | _aFacultad Latinoamericana de Ciencias Sociales (FLACSO) | |
| 856 | 4 | 1 |
_uhttps://www.biblioeco.unsa.edu.ar/pmb/images/libros/L127137.jpg _yImagen de portada _qimage/jpeg |
| 999 |
_c3965 _d3965 |
||